Open Data Biblioteca Nacional de Portugal


República Portuguesa: Ministério da Cultura
Biblioteca Nacional de Portugal

Catálogo da BNP: acesso por Identificadores Unívocos
Registos Bibliográficos associados ao registo de autoridade

Etiqueta de registo: 00680cam 2200193 450
001 415204
003 http://id.bnportugal.gov.pt/bib/catbnp/415204
005 19981231000000.0
095 ## $aPTBN00443841
100 ## $a19930403d1776 m y0pory0103 ba
101 0# $afre
102 ## $aFR
200 1# $aHistoire ecclésiastique ancienne et moderne, depuis la naissance de Jesus Christ jusqu'au commencement du XVIII siécle...
210 #9 $aMaastricht$cJean Edme Dufour,$d1776
215 ## $a6 v.
700 #1 $aMosheim,$bJohann Lorenz von,$f1693-1755$391273
702 #1 $aDufour,$bJean Edmé,$f1728-1789?$4610$358027
801 #0 $aPT$bBN$gRPC
856 42 $zPágina de título$uhttp://patrimonia.porbase.org/hg-1607-p/hg-1607-p_y-01_rosto_t24-C-R0150.jpg$2Página de título
930 ## $lBN$dH.G. 1607-12 P.
966 ## $lBN$mFGMON$sH.G. 1607 P.
966 ## $lBN$mFGMON$sH.G. 1608 P.
966 ## $lBN$mFGMON$sH.G. 1609 P.
966 ## $lBN$mFGMON$sH.G. 1610 P.
966 ## $lBN$mFGMON$sH.G. 1611 P.
966 ## $lBN$mFGMON$sH.G. 1612 P.
997 ## $aBIBEOD

Etiqueta de registo: 00640cam 22002051 450
001 140481
003 http://id.bnportugal.gov.pt/bib/catbnp/140481
005 19981122191000.0
095 ## $aPTBN00146206
100 ## $a19000001d1731 m y0pora0103 ba
101 0# $alat
200 1# $aNotitia scriptorum et dissertationum$fa Jo. Laur. Moshemio
210 #9 $aHelmstadii$capud Christ. Fridez. Weygand,$d1731
215 ## $a87 p.$d8º (18 cm)
300 ## $aBritish Museum, v. 165, coln. 392
606 ## $j[Bibliografias]$2BNP$3288700
675 ## $a012$vmed$zpor$3289884
675 ## $a043(01)$vmed$zpor$3312491
700 #1 $aMosheim,$bJohann Lorenz von,$f1693-1755$391273
801 #0 $aPT$bBN$gRPC
966 ## $lBN$mFGMON$sB. 4485 P.
997 ## $aBIBEOD

Etiqueta de registo: 00254nam 2200025 450
001 1928650
003 http://id.bnportugal.gov.pt/bib/catbnp/1928650
100 ## $a20160419d1761 m y0pory01030103ba
101 0# $alat
102 ## $aDX
105 ## $ay z 000yy
106 ## $ar
200 1# $aIo. Laur. Moshemii Institutionum historiae christianae in compendium redactae a Iohanne Petro Millero
205 ## $aEditio altera multo auctior et emendatior
210 #9 $aHelmstadii$capud Christ. Frid. Weygand,$d1761
215 ## $aXLVIII, 514, [37] p.$d8º (18 cm)
517 1# $aInstitutionum historiae christianae in compendium redactae a Johanne Petro Millero
620 ## $dHelmestedt
700 #1 $aMosheim,$bJohann Lorenz von,$f1693-1755$391273
702 #1 $aMiller,$bJohann Peter,$f1705-1781$4100$31642998
702 #1 $aWeygand,$bChristian Friedrich,$ffl. 1722-1764$4610$31643001
801 #0 $aPT$bBN$gRPC
966 ## $lBN$mFGMON$sH.G. 1553 P.
997 ## $aBIBEOD

Etiqueta de registo: 00254nam 2200025 450
001 1928630
003 http://id.bnportugal.gov.pt/bib/catbnp/1928630
100 ## $a20160419d1767 m y0pory01030103ba
101 0# $alat
102 ## $aDX
105 ## $ay z 000yy
106 ## $ar
200 1# $aIo. Laur. Moshemii Dissertationum ad historiam ecclesiasticam pertinentium$e volumen primum [-alterum]
205 ## $aEditio tertia accuratior et emendatior
210 #9 $aAltona et Lubeca$cprostat bibliopoliis Dav. Iversen,$d1767
215 ## $a2 vol.$cil.$d8º (18 cm)
327 1# $aVolumen primun. - [14], 768, [40] p., [1] f. grav.$aVolumen alterum. - [12], LXII, 774, [46] p.
517 1# $aDissertationum ad historiam ecclesiasticam pertinentium
620 ## $dAltona
700 #1 $aMosheim,$bJohann Lorenz von,$f1693-1755$391273
702 #1 $aIversen,$bDavid,$ffl. 1756-1779$4650$31642962
801 #0 $aPT$bBN$gRPC
966 ## $dVol. 1$lBN$mFGMON$sH.G. 1551 P.
966 ## $dVol. 2$lBN$mFGMON$sH.G. 1552 P.
997 ## $aBIBEOD

Etiqueta de registo: 00254nam 2200025 450
001 2287117
003 http://id.bnportugal.gov.pt/bib/catbnp/2287117
100 ## $a20260528d1851 m y0pory01030103ba
101 0# $alat
102 ## $aDX
105 ## $ay z 000yy
106 ## $ar
200 1# $aIo. Laurentii a Mosheim Academiae Georgiae Augustae Cancelarii Rel. Commentationes et orationes varii argumenti collegit nonnullas ex schedis perill. auctoris$frecensuit et praefatus est Io. Petrus Miller...
210 #9 $aHamburgi$csumtibus Christiani Wilh. Brandt,$d1751
215 ## $aLXXX, 648, [8] p.$d8º (20 cm)
307 ## $aAssin.: a-e//8, A-Z//8, Aa-Ss//8
321 ## $aBayerische Staatsbibliothek BV001624558
321 ## $aICCU IT\ICCU\MODE\022158
327 11 $aCom p. de título próprias: De Odio theologico commentatio auspicii caussa edita. - p. 1-30 ; Meditatio de Die Christi ab Abrahamo Visa ad locum Ioh. IIX, 56. coll. Ebr. XI, 19. - p. 31-72 ; Cogitationes de iustificatione Abrahami ad illustranda loca quaedam epistolae D. Paulli ad Romanos. - p. 73-86 ; De Diuersis rationibus quas sequuti sunt qui iuris sacri corrigendi negotium in se susceperunt praefatio. - p. 87-100 ; Cogitationes de studio litterario. - p. 101-120 ; Dissertatio in qua soluitur haec quaestio num philosophorum a vera religione auersorum aliquis mundum a Deo ex nihilo creatum esse docuerit?. - p. 121-258 ; De Loco vexato Aelii Lampridii sactum nomen in penetrale Dei sui transtulit obseruatio... - p. 259-268 ; De Linguae latinae cultura et necessitate dissertatio. - p. 269-324 ; Commentatio de hodierna romani sermonis in patria nostra existimatione. - p. 325-346 ; Obseruatio historico-critica de existimatione celeberrimi philosophi Apollonii Tyanaei. - p. 347-452 ; DeScriptis Apollonii Tyanaei breue spicilegium. - p. 453-464 ; De Imaginibus telesticis quas Apollonius Tyanaeus confecisse dicitur ad virum celeberrimum Maturinum Veissiere La Croze... - p. 465-496 ; Orationes de rebus academicis... - p. 497-648
500 10 $aCommentationes et orationes varii argumenti
620 ## $dHamburgo
700 #1 $aMosheim,$bJohann Lorenz von,$f1693-1755$391273
702 #1 $aMiller,$bJohann Peter,$f1705-1781$4340$31642998
702 #1 $aBrandt,$bChristian Wilhelm,$ffl. 1724-1761$4610$357871
801 #0 $aPT$bBN$gRPC
856 40 $2Cópia digital disponível em Google Books$uhttps://books.google.pt/books?id=dQo1PqRoTU0C&hl=pt-PT&pg=PR1#v=onepage&q&f=false
966 ## $lBN$mFGMON$sR. 1900 P.
971 ## $cpmesqui$d20260528
997 ## $aBIBEOD

OpendataBNP@bnportugal.pt | Mais informação sobre acesso aos dados BNP